Every Pokémon Region - Statistics

General Stats
  • This quiz has been taken 74 times
  • The average score is 8 of 9
Answer Stats
Generation Region % Correct
I Kanto
100%
II Johto
98%
VII Alola
95%
IV Sinnoh
95%
V Unova
95%
III Hoenn
93%
VIII Galar
88%
IX Paldea
88%
VI Kalos
86%
No matching quizzes found
Score Distribution
Percent of People with Each Score
Percentile by Number Answered
Your Score History
You have not taken this quiz